Random Animals 2 - Statistics

General Stats
  • This quiz has been taken 22 times
  • The average score is 13 of 16
Answer Stats
Picture Answer % Correct
Bald eagle
100%
Gorilla
95%
King cobra
95%
Lion
95%
Moose
95%
Pig
95%
Tiger
95%
Elk
89%
Orangutan
89%
Pelican
89%
Capybara
84%
Panda bear
84%
Grizzly bear
79%
Snow leopard
68%
Yak
63%
Goldeneye
16%
No matching quizzes found
Score Distribution
Percent of People with Each Score
Percentile by Number Answered
Your Score History
You have not taken this quiz